000 01138cam a2200301 a 4500
001 6587
003 BD-RjUL
005 20211208234255.0
008 140111s1992 couab b 000 0 eng d
020 _a0813383366 (U.S. : alk. paper)
020 _a1855670690 (U.K. : alk. paper)
035 _a(BD-RjUL)6628
040 _aDLC
_cDLC
_dDLC
_dBD-RjUL
_beng
041 _aeng
082 0 0 _a380.14131
_220
_bWOR 1992
245 0 4 _aThe World grain trade :
_bgrain marketing, institutions, and policies /
_cedited by Michael J. McGarry and Andrew Schmitz.
260 _aBoulder, CO :
_bWestview Press ,
_aLondon :
_bPinter,
_cc1992.
300 _axx, 510 p. :
_bill., maps ;
_c23 cm.
504 _aIncludes bibliographical references (p. [505]-510).
650 0 _aGrain trade
_xGovernment policy
_xCase studies.
_920731
650 0 _aGrain trade
_xCase studies.
_920732
700 1 _aMcGarry, Michael J.
_920733
700 1 _aSchmitz, Andrew.
_920734
856 4 2 _3Contributor biographical information
_uhttp://www.loc.gov/catdir/enhancements/fy0831/91041737-b.html
942 _2ddc
_cBK
999 _c6587
_d6587